Welcome to the Holygrace Academy Library

Please use search bar below to get started

JUST DO IT, MEL (Record no. 5654)

MARC details
000 -LEADER
fixed length control field 00328nam a22001457a 4500
020 ## - INTERNATIONAL STANDARD BOOK NUMBER
ISBN 0-330-35313-6
082 ## - DEWEY DECIMAL CLASSIFICATION NUMBER
Classification number 823
Item number AND/J
100 ## - MAIN ENTRY--AUTHOR NAME
Personal name ANDREWS, KATE
245 ## - TITLE STATEMENT
Title JUST DO IT, MEL
260 ## - PUBLICATION, DISTRIBUTION, ETC. (IMPRINT)
Place of publication LONDON
Name of publisher MAC MILLAN CHILDRENS BOOKS
Year of publication 1998
300 ## - PHYSICAL DESCRIPTION
Number of Pages 133
520 ## - SUMMARY, ETC.
Summary, etc ENGLISH NOVEL
650 ## - SUBJECT ADDED ENTRY--TOPICAL TERM
Topical Term ENGLISH NOVEL
942 ## - ADDED ENTRY ELEMENTS (KOHA)
Koha item type Books
Holdings
Withdrawn status Lost status Collection code Home library Current library Shelving location Date acquired Source of acquisition Full call number Accession Number Koha item type
    Fiction Main Library Main Library SHELF 15-I-CHILDREN'S STORYBOOKS 26/10/2023 Purchase 823 AND/J 00188 Books